Joueurs de foot FC24 - FIFA24 #5 - Statistiques

Statistiques générales
  • Ce quiz a été pris 156 fois
  • Le résultat moyen est 12 sur 16
Statistiques - réponses
Par images Réponse % Correct
Van Dijk
99%
Saliba
94%
Casemiro
90%
Bernardo Silva
89%
Oblak
88%
Musiala
87%
Dybala
85%
Havertz
81%
Wirtz
81%
Chiesa
78%
De Ligt
78%
Eder Militao
75%
Adeyemi
67%
Kobel
64%
Fullkrug
58%
Taremi
17%
Aucun quiz correspondant
Distribution des résultats
% des personnes avec chaque résultat
Percentile par nombre de réponses
Votre historique - résultats
Vous n’avez pas pris ce quiz